Mūlampuyā tam̆sa va nimhamacāyāmāṃ. (Record no. 82449)
[ view plain ]
| 000 -LEADER | |
|---|---|
| fixed length control field | 00606cam a22002291 4500 |
| 001 - CONTROL NUMBER | |
| control field | sa 68008578 |
| 003 - CONTROL NUMBER IDENTIFIER | |
| control field | DLC |
| 005 - DATE AND TIME OF LATEST TRANSACTION | |
| control field | 20260227112533.0 |
| 008 - FIXED-LENGTH DATA ELEMENTS--GENERAL INFORMATION | |
| fixed length control field | 890914s1950 xx 000 0 newo |
| 010 ## - LIBRARY OF CONGRESS CONTROL NUMBER | |
| LC control number | sa 68008578 |
| 035 ## - SYSTEM CONTROL NUMBER | |
| System control number | (OCoLC)20339655 |
| 040 ## - CATALOGING SOURCE | |
| Original cataloging agency | DLC |
| Transcribing agency | WaU |
| Modifying agency | DLC |
| 042 ## - AUTHENTICATION CODE | |
| Authentication code | premarc |
| 050 00 - LIBRARY OF CONGRESS CALL NUMBER | |
| Classification number | PL3801.N51 |
| Item number | B3 |
| 100 1# - MAIN ENTRY--PERSONAL NAME | |
| Personal name | Bajrācārya, Ādibajra. |
| 245 10 - TITLE STATEMENT | |
| Title | Mūlampuyā tam̆sa va nimhamacāyāmāṃ. |
| 260 ## - PUBLICATION, DISTRIBUTION, ETC. | |
| Date of publication, distribution, etc. | 1070 [1950 or 1] |
| 300 ## - PHYSICAL DESCRIPTION | |
| Extent | 7, 39, 3 p. |
| Dimensions | 18 cm. |
| 500 ## - GENERAL NOTE | |
| General note | In Newari. |
| 650 #0 - SUBJECT ADDED ENTRY--TOPICAL TERM | |
| Topical term or geographic name entry element | Newari language |
| General subdivision | Grammar. |
| 700 1# - ADDED ENTRY--PERSONAL NAME | |
| Personal name | Joshi, Satya Mohan, |
| Dates associated with a name | 1920- |
No items available.